| 000 | 00473nam a22001697a 4500 | ||
|---|---|---|---|
| 008 | 150925b xxu||||| |||| 00| 0 eng d | ||
| 020 | _a0827326556 | ||
| 041 | 0 | _aeng | |
| 080 | _a62 | ||
| 100 | 1 | _aHacker, Michael. | |
| 245 | 1 | 0 |
_aTechnology in your world / _cMichael Hacker, Robert A. Barden. |
| 260 |
_aAlbany, N.Y. : _bDelmar Publishers, _c1987. |
||
| 300 |
_axv, 427 f. : _bme il.; _c26 cm. |
||
| 650 | 0 | _aTeknologjia | |
| 700 | 1 | _aBarden, Robert A. | |
| 942 |
_2udc _cBK |
||
| 999 |
_c1175 _d1175 |
||